<?xml version="1.0" encoding="UTF-8"?>
<record
    xmlns:xsi="http://www.w3.org/2001/XMLSchema-instance"
    xsi:schemaLocation="http://www.loc.gov/MARC21/slim http://www.loc.gov/standards/marcxml/schema/MARC21slim.xsd"
    xmlns="http://www.loc.gov/MARC21/slim">

  <leader>00372    a2200133   4500</leader>
  <controlfield tag="005">20250514151815.0</controlfield>
  <datafield tag="020" ind1=" " ind2=" ">
    <subfield code="a">0 7121 1510 2</subfield>
  </datafield>
  <datafield tag="082" ind1=" " ind2=" ">
    <subfield code="a">658.402 AND</subfield>
  </datafield>
  <datafield tag="100" ind1=" " ind2=" ">
    <subfield code="a">ANDERSON, R. G.</subfield>
  </datafield>
  <datafield tag="245" ind1=" " ind2=" ">
    <subfield code="a">The M &amp; E. Handbook Series : Organisation and Methods</subfield>
  </datafield>
  <datafield tag="260" ind1=" " ind2=" ">
    <subfield code="a">London,</subfield>
    <subfield code="b">MacDonals &amp; Evans,</subfield>
    <subfield code="c">1973.</subfield>
  </datafield>
  <datafield tag="300" ind1=" " ind2=" ">
    <subfield code="a">xvi,336p.: ill.; figure</subfield>
    <subfield code="b">Index</subfield>
    <subfield code="c">17cm.</subfield>
  </datafield>
  <datafield tag="942" ind1=" " ind2=" ">
    <subfield code="2">ddc</subfield>
    <subfield code="c">BKS</subfield>
  </datafield>
  <datafield tag="999" ind1=" " ind2=" ">
    <subfield code="c">2281</subfield>
    <subfield code="d">2281</subfield>
  </datafield>
  <datafield tag="952" ind1=" " ind2=" ">
    <subfield code="r">2025-05-14 15:20:08</subfield>
    <subfield code="l">0</subfield>
    <subfield code="o">658.402 AND</subfield>
    <subfield code="p">0000008722</subfield>
    <subfield code="v">30000.00</subfield>
    <subfield code="w">2025-05-14</subfield>
    <subfield code="y">BKS</subfield>
    <subfield code="1">0</subfield>
    <subfield code="2">ddc</subfield>
    <subfield code="4">0</subfield>
    <subfield code="7">0</subfield>
    <subfield code="0">0</subfield>
    <subfield code="a">CBEML</subfield>
    <subfield code="b">CBEML</subfield>
    <subfield code="c">GEN</subfield>
    <subfield code="d">1979-09-14</subfield>
    <subfield code="g">10000.00</subfield>
  </datafield>
  <datafield tag="952" ind1=" " ind2=" ">
    <subfield code="r">2025-05-14 15:20:08</subfield>
    <subfield code="l">0</subfield>
    <subfield code="o">658.402 AND</subfield>
    <subfield code="p">0000008723</subfield>
    <subfield code="v">30000.00</subfield>
    <subfield code="w">2025-05-14</subfield>
    <subfield code="y">BKS</subfield>
    <subfield code="1">0</subfield>
    <subfield code="2">ddc</subfield>
    <subfield code="4">0</subfield>
    <subfield code="7">0</subfield>
    <subfield code="0">0</subfield>
    <subfield code="a">CBEML</subfield>
    <subfield code="b">CBEML</subfield>
    <subfield code="c">GEN</subfield>
    <subfield code="d">1979-09-14</subfield>
    <subfield code="g">10000.00</subfield>
  </datafield>
  <datafield tag="952" ind1=" " ind2=" ">
    <subfield code="r">2025-05-14 15:20:08</subfield>
    <subfield code="l">0</subfield>
    <subfield code="o">658.402 AND</subfield>
    <subfield code="p">0000008724</subfield>
    <subfield code="v">30000.00</subfield>
    <subfield code="w">2025-05-14</subfield>
    <subfield code="y">BKS</subfield>
    <subfield code="1">0</subfield>
    <subfield code="2">ddc</subfield>
    <subfield code="4">0</subfield>
    <subfield code="7">0</subfield>
    <subfield code="0">0</subfield>
    <subfield code="a">CBEML</subfield>
    <subfield code="b">CBEML</subfield>
    <subfield code="c">GEN</subfield>
    <subfield code="d">1979-09-14</subfield>
    <subfield code="g">10000.00</subfield>
  </datafield>
</record>
